MARC

LEADER 00000nlm0a2200000 4500
001 313855
005 20231102002623.0
035 |a (RuTPU)RU\TPU\book\339246 
035 |a RU\TPU\book\339236 
090 |a 313855 
100 |a 20160204d2014 k y0engy50 ba 
101 0 |a eng 
102 |a NL 
105 |a a z 001zy 
135 |a drcn ---uucaa 
200 1 |a Colloidal Foundations of Nanoscience  |b Electronic resource  |f eds. Debora Berti, Gerardo Palazzo 
203 |a Text  |c electronic 
210 |a Amsterdam  |c Elsevier  |d 2014 
230 |a 1 компьютерный файл (pdf; 22 Mb) 
300 |a Заглавие с титульного экрана 
333 |a Режим доступа: из корпоративной сети ТПУ 
337 |a Adobe Reader 
606 1 |a Коллоидные системы  |x (химия)  |2 stltpush  |3 (RuTPU)RU\TPU\subj\70859  |9 85028 
610 1 |a электронный ресурс 
610 1 |a нанотехнологии 
610 1 |a коллоидные системы 
610 1 |a коллоиды 
610 1 |a коллоидная химия 
610 1 |a нанонаука 
610 1 |a квантовые эффекты 
610 1 |a нанотермодинамика 
610 1 |a интерфейсы 
610 1 |a наночастицы 
675 |a 544.77  |v 3 
702 0 |a Debora Berti  |4 340 
702 0 |a Gerardo Palazzo  |4 340 
801 1 |a RU  |b 63413507  |c 20131216 
801 2 |a RU  |b 63413507  |c 20160614  |g RCR 
856 4 |u http://www.lib.tpu.ru/fulltext2/m/2016/science_book/Cplloid%20Foundations.pdf 
942 |c CF